[Event "1st Hainan Open 2016"]
[Site "Danzhou CHN"]
[Date "2016.12.07"]
[Round "1.2"]
[White "Rapport, Richard"]
[Black "Zhang, Ziji"]
[Result "1-0"]
[WhiteTitle "GM"]
[WhiteElo "2717"]
[BlackElo "2329"]
[WhiteFideId "738590"]
[BlackFideId "8609470"]
[EventDate "2016.12.07"]

1. e4 e5 2. Nf3 Nc6 3. g3 Nf6 4. d3 Bc5 5. Bg2 O-O 6. O-O d6 7. c3 a6 8. Re1 Ba7
9. Na3 h6 10. Nc2 Re8 11. Be3 Bxe3 12. Nxe3 Ng4 13. Nc2 Nf6 14. d4 Nh7 15. Nd2
Qf6 16. dxe5 dxe5 17. Ne3 Ne7 18. h4 Be6 19. Nd5 Nxd5 20. exd5 Bf5 21. Qb3 Rab8
22. Re3 b5 23. Rae1 Qd6 24. Nf3 e4 25. Nd4 Bg6 26. Nc6 Ra8 27. Bxe4 Bxe4 28.
Rxe4 Rxe4 29. Rxe4 Nf6 30. Re5 Kf8 31. c4 bxc4 32. Qxc4 a5 33. a4 Nd7 34. Re1
Nf6 35. Rd1 Re8 36. Nxa5 Re4 37. Rd4 Rxd4 38. Qxd4 Nxd5 39. Nc4 Qc6 40. a5 1-0

[Event "1st Hainan Open 2016"]
[Site "Danzhou CHN"]
[Date "2016.12.07"]
[Round "1.3"]
[White "Li, Yankai"]
[Black "Zhou, Jianchao"]
[Result "1/2-1/2"]
[BlackTitle "GM"]
[WhiteElo "2324"]
[BlackElo "2632"]
[WhiteFideId "8609357"]
[BlackFideId "8603537"]
[EventDate "2016.12.07"]

1. e4 c5 2. Nf3 Nc6 3. Nc3 g6 4. Bb5 Bg7 5. Bxc6 bxc6 6. O-O e5 7. d3 d6 8. a3
a5 9. Bd2 h6 10. Na4 Ne7 11. Re1 O-O 12. c3 g5 13. Be3 f5 14. exf5 Nxf5 15. Nd2
Rb8 16. Ne4 g4 17. Rb1 h5 18. Qd2 Rb3 19. Qc2 Rb7 20. b4 cxb4 21. cxb4 axb4 22.
Qxc6 Qd7 23. Qxd7 Bxd7 24. Nac3 b3 25. a4 Ra8 26. Re2 Bxa4 27. Nxa4 Rxa4 28.
Reb2 Ra3 29. Nd2 e4 30. Rxb3 Raxb3 31. Rxb3 Rxb3 32. Nxb3 Nxe3 33. fxe3 exd3 34.
Kf2 Kf7 35. Ke1 Bc3+ 36. Kd1 Be5 37. h3 gxh3 38. gxh3 Bb2 39. Kd2 Kg6 40. Kxd3
Kg5 41. Nd4 Kh4 42. Nf5+ Kxh3 43. Nxd6 Kg4 44. Ke2 h4 45. Kf2 h3 46. Kg1 Bc1 1/2-1/2

[Event "1st Hainan Open 2016"]
[Site "Danzhou CHN"]
[Date "2016.12.07"]
[Round "1.4"]
[White "Lu, Shanglei"]
[Black "Zhu, Yi"]
[Result "1-0"]
[WhiteTitle "GM"]
[BlackTitle "FM"]
[WhiteElo "2627"]
[BlackElo "2306"]
[WhiteFideId "8603332"]
[BlackFideId "8607435"]
[EventDate "2016.12.07"]

1. e4 c6 2. Nc3 d5 3. Nf3 Bg4 4. h3 Bxf3 5. Qxf3 e6 6. d4 Nf6 7. Bd3 dxe4 8.
Nxe4 Qxd4 9. Be3 Qe5 10. O-O-O Nbd7 11. Kb1 Be7 12. Bf4 Qh5 13. g4 Qa5 14. Nd6+
Bxd6 15. Bxd6 Ne5 16. Qe3 Nxd3 17. Rxd3 O-O-O 18. c4 c5 19. Rhd1 Rhe8 20. Bxc5
Rxd3 21. Rxd3 Nd7 22. Bxa7 b6 23. Ra3 Qb4 24. c5 Nxc5 25. Bxb6 Qxb6 26. Rc3 Kd7
27. Qxc5 Qxc5 28. Rxc5 Rb8 29. a3 Rb3 30. Rc3 1-0

[Event "1st Hainan Open 2016"]
[Site "Danzhou CHN"]
[Date "2016.12.07"]
[Round "1.5"]
[White "Xiao, Yiyi"]
[Black "Jumabayev, Rinat"]
[Result "0-1"]
[WhiteTitle "WFM"]
[BlackTitle "GM"]
[WhiteElo "2302"]
[BlackElo "2611"]
[WhiteFideId "8606161"]
[BlackFideId "13702661"]
[EventDate "2016.12.07"]

1. d4 Nf6 2. c4 e6 3. g3 d5 4. Bg2 Bb4+ 5. Bd2 Be7 6. Nf3 c6 7. Qc2 O-O 8. O-O
b6 9. Bf4 Nbd7 10. Rd1 Ba6 11. b3 Rc8 12. Nc3 Qe8 13. e4 dxc4 14. Nd2 e5 15.
dxe5 Ng4 16. h3 Ngxe5 17. Bxe5 Nxe5 18. f4 cxb3 19. axb3 Nd3 20. e5 Nb4 21. Qf5
Rd8 22. Nc4 Bc5+ 23. Kh2 Qe6 24. Qe4 Bxc4 25. f5 Qe7 26. bxc4 Rfe8 27. Na4 a5
28. Nxc5 bxc5 29. Rxd8 Qxd8 30. f6 Qd4 31. Qf5 h6 32. Rxa5 Qxe5 33. Rxc5 Qxf6
34. Qxf6 gxf6 35. g4 Kg7 36. Ra5 Re2 37. Kg3 Re3+ 38. Kf4 Rc3 39. c5 Nd3+ 40.
Kf5 Rc4 41. Be4 Nxc5 42. Bg2 Nb7 0-1

[Event "1st Hainan Open 2016"]
[Site "Danzhou CHN"]
[Date "2016.12.07"]
[Round "1.6"]
[White "Wen, Yang"]
[Black "Chen, Qi b"]
[Result "1-0"]
[WhiteTitle "GM"]
[WhiteElo "2607"]
[BlackElo "2290"]
[WhiteFideId "8602956"]
[BlackFideId "8614733"]
[EventDate "2016.12.07"]

1. d4 Nf6 2. c4 g6 3. Nf3 Bg7 4. g3 O-O 5. Bg2 d6 6. O-O Nc6 7. Nc3 a6 8. b3 Rb8
9. d5 Na5 10. Bd2 c5 11. dxc6 Nxc6 12. Rc1 Bd7 13. a4 Re8 14. h3 Na5 15. e4 e5
16. Re1 h6 17. Bf1 Nc6 18. Be3 Bf8 19. Qd2 Kh7 20. Red1 Nb4 21. a5 Rc8 22. Bb6
Qe7 23. Bg2 h5 24. Be3 Ng8 25. Ng5+ Kg7 26. c5 Be6 27. cxd6 Qd7 28. Na4 Bxb3 29.
Rxc8 Rxc8 30. Nb6 1-0

[Event "1st Hainan Open 2016"]
[Site "Danzhou CHN"]
[Date "2016.12.07"]
[Round "1.7"]
[White "Chu, Wei Chao"]
[Black "Sandipan, Chanda"]
[Result "0-1"]
[WhiteTitle "IM"]
[BlackTitle "GM"]
[WhiteElo "2281"]
[BlackElo "2593"]
[WhiteFideId "8605661"]
[BlackFideId "5004225"]
[EventDate "2016.12.07"]

1. d4 d5 2. c4 c6 3. Nf3 Nf6 4. Nc3 e6 5. g3 Nbd7 6. Bg2 Be7 7. O-O O-O 8. Qc2
b6 9. Rd1 Bb7 10. e4 Rc8 11. b3 Ba6 12. Bf4 Bb4 13. Nd2 Nh5 14. Be3 f5 15. exf5
exf5 16. f4 Nhf6 17. a3 Ng4 18. axb4 Nxe3 19. Qd3 Nxd1 20. Nxd1 Nb8 21. Ne3 Kh8
22. Nf3 c5 23. b5 dxc4 24. bxc4 Bb7 25. d5 a5 26. Ne5 Nd7 27. Rf1 g6 28. Nd1 Nf6
29. Nc3 Qd6 30. Na4 Rce8 31. h3 Re7 32. Qc3 Kg8 33. Kh2 Rfe8 34. Re1 Nd7 35. Re3
Nxe5 36. fxe5 Rxe5 37. Rxe5 Rxe5 38. Nxb6 Re2 39. Na4 Bxd5 0-1

[Event "1st Hainan Open 2016"]
[Site "Danzhou CHN"]
[Date "2016.12.07"]
[Round "1.8"]
[White "Werle, Jan"]
[Black "Kulkarni, Bhakti"]
[Result "1/2-1/2"]
[WhiteTitle "GM"]
[BlackTitle "CM"]
[WhiteElo "2560"]
[BlackElo "2281"]
[WhiteFideId "1006088"]
[BlackFideId "5019516"]
[EventDate "2016.12.07"]

1. d4 d5 2. c4 c6 3. Nf3 Nf6 4. e3 a6 5. Nbd2 Bf5 6. b3 e6 7. Bb2 Ne4 8. Nxe4
Bxe4 9. Nd2 Bg6 10. Qe2 Be7 11. g3 O-O 12. Bg2 a5 13. O-O a4 14. Bc3 Na6 15. a3
axb3 16. Nxb3 Qb6 17. Nd2 Nc7 18. a4 dxc4 19. e4 Ra6 20. Qxc4 Rfa8 21. Nb3 Qa7
22. a5 Nb5 23. Bd2 Rd8 24. Be3 Qa8 25. Rfd1 Nd6 26. Qc2 f5 27. f3 Bf7 28. Bf1
Ra7 29. e5 Ne8 30. Qf2 Rd5 31. Bc4 Nc7 32. Bxd5 exd5 33. Bd2 Nb5 34. Qe1 Bh5 35.
Kg2 Qf8 36. Ra4 Na3 37. Rc1 Ra6 38. Nc5 Bxc5 39. dxc5 Nc4 40. Raxc4 dxc4 41.
Rxc4 Qd8 42. Qe3 Qe7 43. e6 Ra8 44. Rd4 Rd8 45. Rxd8+ Qxd8 46. Bc3 Qd5 47. e7
Be8 48. Bb2 Kf7 49. Qg5 Qxc5 50. Qxg7+ Ke6 51. Bf6 Qxa5 52. Bg5 Qa2+ 53. Kh3 Qd5
54. Bf4 b5 55. Qxh7 Qxf3 56. Qh6+ Kxe7 57. Qg7+ Bf7 58. Bg5+ Kd6 59. Qf8+ Ke5
60. Qe7+ Kd4 61. Bf6+ Kd3 62. Qxf7 Qg4+ 63. Kg2 Qe2+ 64. Kh3 Qg4+ 1/2-1/2

[Event "1st Hainan Open 2016"]
[Site "Danzhou CHN"]
[Date "2016.12.07"]
[Round "1.9"]
[White "Gu, Tianlu"]
[Black "Zhao, Zong-Yuan"]
[Result "0-1"]
[WhiteTitle "WIM"]
[BlackTitle "GM"]
[WhiteElo "2251"]
[BlackElo "2544"]
[WhiteFideId "8603995"]
[BlackFideId "3202534"]
[EventDate "2016.12.07"]

1. d4 Nf6 2. Nf3 c5 3. e3 d5 4. Bd3 Nc6 5. O-O Bg4 6. Be2 e6 7. Nbd2 Rc8 8. b3
cxd4 9. exd4 Qa5 10. a3 Be7 11. Bb2 O-O 12. Ne5 Bxe2 13. Qxe2 Nxe5 14. dxe5 Nd7
15. Nf3 Qa6 16. Qxa6 bxa6 17. Rac1 a5 18. a4 Bb4 19. Bd4 Rc7 20. c3 Bc5 21. b4
Bb6 22. h3 Rfc8 23. Rb1 h6 24. Rfd1 Kf8 25. Kf1 Ke7 26. Rb3 Bxd4 27. cxd4 Rc1
28. Rxc1 Rxc1+ 29. Ke2 Ra1 30. bxa5 Rxa4 31. Rb5 Kd8 32. Kd3 Kc7 33. Nd2 a6 34.
Rb3 Rxa5 35. Kc2 Ra2+ 36. Kc1 Ra4 37. Rg3 Rxd4 38. Rxg7 Nxe5 39. Nf3 Rc4+ 40.
Kd1 Kd6 41. Nxe5 Kxe5 42. Rxf7 Rf4 43. Rh7 Rxf2 44. g4 Rf6 45. Ke2 Kf4 46. Ra7
e5 47. Rd7 Ke4 48. Rg7 d4 49. g5 d3+ 50. Ke1 hxg5 51. Rxg5 Rf3 52. Rh5 Kd4 53.
Rh8 Ke3 0-1

[Event "1st Hainan Open 2016"]
[Site "Danzhou CHN"]
[Date "2016.12.07"]
[Round "1.10"]
[White "Xu, Yinglun"]
[Black "Nie, Xinyang"]
[Result "1/2-1/2"]
[WhiteElo "2535"]
[BlackElo "2239"]
[WhiteFideId "8604940"]
[BlackFideId "8607222"]
[EventDate "2016.12.07"]

1. d4 d5 2. Nf3 Nf6 3. e3 e6 4. Bd3 Bd6 5. b3 O-O 6. Bb2 b6 7. Nbd2 Bb7 8. O-O
Nbd7 9. Ne5 Ne4 10. Nxd7 Qxd7 11. Nxe4 dxe4 12. Be2 f5 13. f4 exf3 14. Bxf3 Bxf3
15. Qxf3 c5 16. c4 Rad8 17. Rad1 Qc7 18. g3 Kh8 19. Kg2 h6 20. Rf2 Rd7 21. Rfd2
Rdf7 22. Bc3 a5 23. Re2 Kg8 24. e4 cxd4 25. Bxd4 Bc5 26. exf5 Bxd4 27. Rxd4 exf5
28. Re6 Rf6 29. Rxf6 Rxf6 30. Qa8+ Kh7 31. Qd5 Qe7 32. Rf4 Kg6 33. Rf3 Qe2+ 34.
Rf2 Qe3 35. Rf3 1/2-1/2

[Event "1st Hainan Open 2016"]
[Site "Danzhou CHN"]
[Date "2016.12.07"]
[Round "1.11"]
[White "Vo, Thi Kim Phung"]
[Black "Batchuluun, Tsegmed"]
[Result "0-1"]
[WhiteTitle "WIM"]
[BlackTitle "GM"]
[WhiteElo "2229"]
[BlackElo "2521"]
[WhiteFideId "12401838"]
[BlackFideId "4900847"]
[EventDate "2016.12.07"]

1. d4 Nf6 2. Nf3 e6 3. g3 b5 4. Bg2 Bb7 5. O-O c5 6. a4 b4 7. a5 Na6 8. Nbd2 Be7
9. c3 O-O 10. cxb4 Nxb4 11. dxc5 Bxc5 12. Nb3 Be7 13. Be3 Bd5 14. h3 Qb8 15.
Nbd4 Qb7 16. Qa4 a6 17. Rfc1 Rfc8 18. Bf1 Ne4 19. Nd2 Nxd2 20. Bxd2 Nc6 21. Bc3
Nxd4 22. Qxd4 Bf6 23. Qd2 Bxc3 24. Rxc3 Rxc3 25. Qxc3 Rc8 26. Qd2 h6 27. Rc1 Rb8
28. e3 Bc6 29. Rb1 Be4 30. Ra1 Bc6 31. b4 Bb5 32. Bxb5 Qxb5 33. Qd6 Rc8 34. Rd1
Rc4 35. Qxd7 Rxb4 36. Qe7 Rb1 37. Rxb1 Qxb1+ 38. Kg2 Qe4+ 39. Kg1 Qb1+ 40. Kg2
Qb5 41. Qd8+ Kh7 42. Qb6 Qd5+ 43. Kg1 Qd3 44. h4 g5 45. hxg5 hxg5 46. Qc7 Kg6
47. Kg2 g4 48. Kg1 Qd1+ 49. Kg2 Qd5+ 50. Kf1 Qd1+ 51. Kg2 f6 52. Qb6 Qd5+ 53.
Kg1 Qc4 54. Qb1+ f5 55. Qb2 Kf7 56. Qb7+ Kf6 57. Qb8 Ke7 58. Qb6 Kd7 59. Kh2 Qb5
60. Qd4+ Kc6 61. Qd8 Qc4 62. Kg1 Kb5 63. Qb6+ Ka4 64. Kg2 e5 65. Kg1 e4 66. Kg2
Qb5 67. Qd4+ Kxa5 68. Qc3+ Ka4 69. Qa1+ Kb3 70. Qb1+ Kc4 71. Qa2+ Kc5 72. Qa3+
Kd5 73. Qa2+ Ke5 74. Qa1+ Ke6 75. Qa2+ Ke7 76. Qa3+ Kd7 77. Qa2 a5 78. Qf7+ Kd6
79. Qf8+ Kc7 80. Qe7+ Kb6 81. Qd8+ Kc5 82. Qd4+ Kc6 83. Qf6+ Kb7 84. Qe7+ Ka6
85. Qe6+ Qb6 86. Qc4+ Ka7 87. Qf7+ Ka6 88. Qc4+ Qb5 89. Qc8+ Qb7 90. Qc4+ Kb6
91. Qb3+ Ka7 92. Qa4 Qd5 93. Qe8 Kb6 94. Qb8+ Kc5 95. Qf8+ Kb5 96. Qb8+ Kc4 97.
Qe8 Kb3 98. Qb8+ Ka2 99. Qe8 Qc4 100. Qd7 a4 101. Qd2+ Kb3 102. Qd1+ Kb2 103.
Qd2+ Qc2 104. Qd4+ Ka2 105. Qd5+ Kb1 106. Qb5+ Qb3 107. Qxf5 a3 108. Qxe4+ Kc1
109. Qc6+ Qc2 110. Qf6 a2 111. Qa1+ Qb1 112. Qc3+ Kd1 113. Qd4+ Ke1 114. Qc3+
Ke2 115. Qc4+ Kd2 116. Qd4+ Qd3 117. Qb2+ Qc2 118. Qd4+ Ke1 119. Qa1+ Ke2 120.
Qd4 Qc6+ 121. Kh2 Qc1 122. Qxg4+ Kxf2 123. Qf4+ Ke1 124. Kg2 Qb2+ 125. Kg1 a1=Q
126. Qf3 Qe2 0-1

[Event "1st Hainan Open 2016"]
[Site "Danzhou CHN"]
[Date "2016.12.07"]
[Round "1.12"]
[White "Fang, Yuxiang"]
[Black "Ooi, Zhi Yang"]
[Result "1-0"]
[WhiteTitle "IM"]
[BlackTitle "IM"]
[WhiteElo "2510"]
[BlackElo "2211"]
[WhiteFideId "8605840"]
[BlackFideId "5709270"]
[EventDate "2016.12.07"]

1. Nf3 Nf6 2. c4 c6 3. d4 d5 4. Nc3 a6 5. a4 Bf5 6. Qb3 b6 7. Bf4 e6 8. e3 Be7
9. cxd5 cxd5 10. Bxb8 Qxb8 11. Bxa6 O-O 12. Be2 Rc8 13. O-O Qd6 14. Rfc1 Ne4 15.
Nb5 Qb4 16. Qxb4 Bxb4 17. Nc7 Ra7 18. Na6 Rxc1+ 19. Rxc1 Bf8 20. Ne5 Nd6 21. g4
Be4 22. f3 Bg6 23. b4 f6 24. Nxg6 hxg6 25. Rc6 Rb7 26. Nc7 Kf7 27. Na8 b5 28. a5
Ne8 29. Rc8 Bxb4 30. a6 Re7 31. Bxb5 Nd6 32. Rb8 Ra7 33. Bd3 Ba5 34. Nb6 Bxb6
35. Rxb6 Ke7 36. Bxg6 Kd7 37. Bd3 Kc7 38. Rb4 Kc6 39. h4 e5 40. Kf2 e4 41. fxe4
dxe4 42. Be2 g6 43. Rb8 Rg7 44. Rh8 f5 45. h5 fxg4 46. h6 Rf7+ 47. Kg1 Nf5 48.
h7 Rc7 49. a7 Kd5 1-0

[Event "1st Hainan Open 2016"]
[Site "Danzhou CHN"]
[Date "2016.12.07"]
[Round "1.13"]
[White "Peng, Hongchi"]
[Black "Tan, Zhongyi"]
[Result "0-1"]
[BlackTitle "WGM"]
[WhiteElo "2169"]
[BlackElo "2496"]
[WhiteFideId "8609047"]
[BlackFideId "8603642"]
[EventDate "2016.12.07"]

1. e4 d6 2. c4 e5 3. Nf3 Nc6 4. d4 exd4 5. Nxd4 g6 6. Nc3 Bg7 7. Be3 Nf6 8. Be2
O-O 9. O-O Ng4 10. Bxg4 Bxg4 11. Qxg4 Nxd4 12. Qd1 Ne6 13. Qc2 Qh4 14. f4 Rae8
15. Rad1 f5 16. g3 Qh3 17. exf5 Qxf5 18. Qg2 Bxc3 19. bxc3 Nc5 20. Rd5 Qe6 21.
Bxc5 dxc5 22. Rxc5 c6 23. Qf3 Qe3+ 24. Qxe3 Rxe3 25. Rd1 Rxc3 26. Rd2 Re8 27.
Kf2 Re7 28. Re5 Kf7 29. Ra5 b6 30. Ra4 c5 31. Re2 a5 32. Rb2 Re6 33. h4 Rd6 34.
Re2 Kf6 35. Re3 Rd2+ 36. Kf3 Rdd3 37. Rxd3 Rxd3+ 38. Ke4 Rd4+ 39. Kf3 h5 40. Ra3
Rxc4 41. Rd3 Rd4 42. Rb3 Rd6 43. g4 hxg4+ 44. Kxg4 c4 45. Rc3 Rc6 46. a4 Rc5 47.
Kg3 Kf5 48. Kf3 Rc8 49. Rc1 c3 50. Ke3 c2 51. Kd2 Kxf4 52. Rf1+ Kg4 53. Kc1 Rc6
54. Rh1 Kh5 55. Rh2 Rc4 56. Rh3 Rxh4 57. Rb3 Rb4 58. Ra3 Rc4 59. Rb3 Rc6 0-1

[Event "1st Hainan Open 2016"]
[Site "Danzhou CHN"]
[Date "2016.12.07"]
[Round "1.14"]
[White "Yermolinsky, Alex"]
[Black "Zhu, Jiner"]
[Result "1-0"]
[WhiteTitle "GM"]
[WhiteElo "2486"]
[BlackElo "2165"]
[WhiteFideId "2005492"]
[BlackFideId "8608059"]
[EventDate "2016.12.07"]

1. d4 Nf6 2. c4 e6 3. Nc3 Bb4 4. e3 d5 5. Bd3 e5 6. Ne2 e4 7. Bc2 c6 8. Bd2 Bd6
9. cxd5 cxd5 10. Bb3 Be6 11. Nb5 Be7 12. Nf4 Nc6 13. O-O a6 14. Nc3 Na5 15. Nxe6
fxe6 16. Na4 O-O 17. Rc1 Nxb3 18. Qxb3 b5 19. Nc5 Qd6 20. h3 Rf7 21. a4 Bd8 22.
axb5 Rb8 23. Qa3 axb5 24. Bb4 Bc7 25. g3 Qb6 26. Qa6 Ne8 27. Ra1 e5 28. dxe5
Bxe5 29. Qxb6 Rxb6 30. Ra8 Rb8 31. Rfa1 Nf6 32. Bc3 Rff8 33. Rxb8 Bxb8 34. Ra5
Bd6 35. Rxb5 Rc8 36. Bd4 h5 37. b4 Nh7 38. Rb7 Bxc5 39. Rxg7+ Kf8 40. bxc5 1-0

[Event "1st Hainan Open 2016"]
[Site "Danzhou CHN"]
[Date "2016.12.07"]
[Round "1.15"]
[White "Huang, Renjie"]
[Black "Hamitevici, Vladimir"]
[Result "1/2-1/2"]
[BlackTitle "IM"]
[WhiteElo "2158"]
[BlackElo "2477"]
[WhiteFideId "8610134"]
[BlackFideId "13902393"]
[EventDate "2016.12.07"]

1. e4 d6 2. d4 Nf6 3. Nc3 e5 4. dxe5 dxe5 5. Qxd8+ Kxd8 6. Bg5 c6 7. O-O-O+ Ke8
8. f4 Be7 9. Bxf6 Bxf6 10. f5 g6 11. g4 h5 12. Be2 hxg4 13. Bxg4 Na6 14. Nf3 Ke7
15. h4 b5 16. a3 Nc5 17. b4 Nb7 18. Rhg1 Rh6 19. fxg6 Bxg4 20. Rxg4 Rg8 21. a4
a6 22. axb5 axb5 23. Rdg1 Rhxg6 24. Rxg6 Rxg6 25. Rxg6 fxg6 26. Kd2 Nd6 27. Kd3
Ke6 28. Nd1 Be7 29. Ne3 Nf7 30. c3 Nh6 31. Kc2 Bd8 32. c4 Bb6 33. Kd3 Nf7 34. c5
Bd8 35. Ng4 Be7 36. Ke3 Bf8 37. Kf2 Bg7 38. Kg3 Bf6 39. Nxf6 Kxf6 40. Nd2 Nd8
41. Nb3 Ne6 42. Na5 Nd4 43. Kg4 Kg7 44. Kg5 Ne6+ 45. Kg4 Nd4 46. Kg5 Kf7 47. Nb7
Ne6+ 48. Kh6 Kf6 49. Nd6 Nc7 50. Kh7 Na6 51. Ne8+ Kf7 52. Nd6+ Kf6 53. Ne8+ Kf7
54. Nd6+ Kf6 55. Ne8+ Ke7 1/2-1/2

[Event "1st Hainan Open 2016"]
[Site "Danzhou CHN"]
[Date "2016.12.07"]
[Round "1.16"]
[White "Tsydypov, Zhamsaran"]
[Black "Xiao, Junyuan"]
[Result "1-0"]
[WhiteTitle "IM"]
[WhiteElo "2460"]
[BlackElo "2107"]
[WhiteFideId "4108566"]
[BlackFideId "8609160"]
[EventDate "2016.12.07"]

1. e4 c5 2. Nf3 Nc6 3. Bb5 e6 4. O-O Qb6 5. Bxc6 bxc6 6. b3 d5 7. Re1 Nf6 8. e5
Nd7 9. c4 d4 10. d3 Be7 11. Bg5 Nxe5 12. Rxe5 f6 13. Re1 fxg5 14. Nxg5 O-O 15.
Nxe6 Rf7 16. Nd2 h6 17. Qh5 Bd7 18. Re2 Qb4 19. Nf3 Bd6 20. Rae1 Re7 21. Nc7
Rxe2 22. Rxe2 Rf8 23. Nd5 Qb8 24. Ne7+ Bxe7 25. Rxe7 Bf5 26. Ne5 Kh7 27. f4 Qb4
28. Nf7 Bxd3 29. Nxh6 Be2 30. Rxe2 Qc3 31. Nf5+ 1-0

[Event "1st Hainan Open 2016"]
[Site "Danzhou CHN"]
[Date "2016.12.07"]
[Round "1.17"]
[White "Chu, Ruotong"]
[Black "Ushenina, Anna"]
[Result "1/2-1/2"]
[BlackTitle "GM"]
[WhiteElo "2106"]
[BlackElo "2459"]
[WhiteFideId "8605653"]
[BlackFideId "14110911"]
[EventDate "2016.12.07"]

1. d4 Nf6 2. c4 e6 3. g3 c5 4. d5 exd5 5. cxd5 d6 6. Nc3 g6 7. Bg2 Bg7 8. Nf3
O-O 9. O-O Re8 10. Re1 a6 11. a4 Nbd7 12. Bf4 Qc7 13. h3 Nh5 14. Bg5 Rb8 15. Rc1
b6 16. e4 Ne5 17. g4 Nf6 18. Nxe5 dxe5 19. Be3 Rd8 20. Nb1 a5 21. Nc3 Ne8 22.
Nb5 Qe7 23. f4 exf4 24. Bxf4 Be5 25. Qf3 Nd6 26. Nxd6 Qxd6 27. Rf1 Rb7 28. Bxe5
Qxe5 29. Qf6 Re8 30. b3 h6 31. Qc6 Rb8 32. Rcd1 Ba6 33. Rf2 Kg7 34. d6 Qe6 35.
Bf1 Bb7 36. Qc7 Rec8 37. Bc4 Rxc7 38. Bxe6 Rd8 39. Rdf1 Rxd6 40. Rxf7+ Rxf7 41.
Rxf7+ Kh8 42. Rf8+ Kg7 43. Rf7+ Kh8 44. Rf8+ Kg7 45. Rf7+ Kh8 46. Rf8+ 1/2-1/2

[Event "1st Hainan Open 2016"]
[Site "Danzhou CHN"]
[Date "2016.12.07"]
[Round "1.18"]
[White "Gusain, Himal"]
[Black "Zhang, Jiabao"]
[Result "1/2-1/2"]
[WhiteElo "2448"]
[BlackElo "2104"]
[WhiteFideId "5033861"]
[BlackFideId "8606560"]
[EventDate "2016.12.07"]

1. e4 c5 2. Nf3 Nc6 3. d4 cxd4 4. Nxd4 Nf6 5. Nc3 e5 6. Ndb5 d6 7. Bg5 a6 8. Na3
b5 9. Nd5 Be7 10. Bxf6 Bxf6 11. c4 Nd4 12. cxb5 Bb7 13. Bc4 axb5 14. Bxb5+ Kf8
15. Bc4 Qa5+ 16. Qd2 Bd8 17. Qxa5 Bxa5+ 18. Kf1 g6 19. Nb5 Nxb5 20. Bxb5 f5 21.
Bd3 Kg7 22. Ke2 Rhc8 23. Rhc1 Bxd5 24. exd5 Bb6 25. Rxc8 Rxc8 26. f3 Rc5 27. b4
Rxd5 28. a4 e4 29. fxe4 fxe4 30. Bc2 Rf5 31. Bxe4 Rf4 32. Kd3 d5 33. Bf3 Rxb4
34. a5 Ba7 35. Rc1 Kf6 36. Rc7 Bg1 37. a6 Ra4 38. Rxh7 Rxa6 39. Bxd5 Ra7 40. Rh8
Kg7 41. Rh4 Rd7 42. Kc4 Rc7+ 43. Kb4 Rd7 44. Kc4 Rc7+ 45. Kd3 Rd7 46. Ke4 Re7+
47. Kf3 Re5 48. Be4 g5 49. Rh7+ Kg8 50. Rd7 g4+ 51. Kxg4 Rxe4+ 52. Kf5 Re2 53.
g4 Bxh2 54. g5 Rc2 55. Rd8+ Kg7 56. Rd7+ Kg8 57. Rd8+ Kg7 58. Ke4 1/2-1/2

[Event "1st Hainan Open 2016"]
[Site "Danzhou CHN"]
[Date "2016.12.08"]
[Round "2.1"]
[White "Yu, Yangyi"]
[Black "Vignesh, N R"]
[Result "1-0"]
[WhiteTitle "GM"]
[BlackTitle "IM"]
[WhiteElo "2729"]
[BlackElo "2432"]
[WhiteFideId "8603820"]
[BlackFideId "25012215"]
[EventDate "2016.12.07"]

1. e4 e5 2. Nf3 Nc6 3. Bb5 Nf6 4. Nc3 Bb4 5. O-O O-O 6. d3 d6 7. Ne2 Ne7 8. c3
Ba5 9. Ng3 c6 10. Ba4 Ng6 11. d4 h6 12. Bc2 Re8 13. h3 d5 14. Nxe5 Nxe5 15. dxe5
Nxe4 16. Nxe4 dxe4 17. Bf4 Bf5 18. Re1 Qxd1 19. Raxd1 Rad8 20. Rxd8 Bxd8 21. g4
Bg6 22. Bxe4 Bxe4 23. Rxe4 Kf8 24. Be3 b6 25. f4 g5 26. Kf2 Kg7 27. f5 Bc7 28.
c4 c5 29. Bd2 Kf8 30. Bc3 f6 31. Re2 fxe5 32. Kf3 Kf7 33. Ke4 h5 34. Rd2 Ke7 35.
gxh5 a5 36. a4 Bd6 37. h6 Bb8 38. Rg2 Rh8 39. Bd2 1-0

[Event "1st Hainan Open 2016"]
[Site "Danzhou CHN"]
[Date "2016.12.08"]
[Round "2.2"]
[White "Lin, Yi"]
[Black "Rapport, Richard"]
[Result "0-1"]
[BlackTitle "GM"]
[WhiteElo "2422"]
[BlackElo "2717"]
[WhiteFideId "8609659"]
[BlackFideId "738590"]
[EventDate "2016.12.07"]

1. d4 e6 2. c4 c5 3. d5 exd5 4. cxd5 d6 5. Nc3 g6 6. Nf3 a6 7. a4 Bg7 8. h3 Nd7
9. e4 Ne7 10. Bf4 O-O 11. Be2 Qb6 12. Qd2 f6 13. O-O Qc7 14. Rac1 b6 15. Bg3 Kh8
16. Nb1 f5 17. e5 Qb7 18. exd6 Nxd5 19. Bc4 N5f6 20. Ng5 b5 21. Nf7+ Rxf7 22.
Bxf7 Ne4 23. Qd5 Bxb2 24. Rcd1 Kg7 25. Be6 Nxg3 26. fxg3 Nf6 27. d7 Nxd5 28.
Rxd5 c4 29. dxc8=Q Rxc8 30. Rd7+ Qxd7 31. Bxd7 Rc7 32. Be6 Kf6 33. Bg8 Rc8 34.
Bd5 Rc5 35. Bg8 Kg7 36. Be6 Re5 37. Bc8 bxa4 38. Nd2 c3 39. Nc4 Rc5 40. Nxb2
cxb2 41. Be6 Rc1 42. Ba2 Ra1 0-1

[Event "1st Hainan Open 2016"]
[Site "Danzhou CHN"]
[Date "2016.12.08"]
[Round "2.3"]
[White "Liu, Yan"]
[Black "Lu, Shanglei"]
[Result "1/2-1/2"]
[WhiteTitle "FM"]
[BlackTitle "GM"]
[WhiteElo "2403"]
[BlackElo "2627"]
[WhiteFideId "8608962"]
[BlackFideId "8603332"]
[EventDate "2016.12.07"]

1. d4 d6 2. g3 g6 3. Bg2 Bg7 4. Nf3 e5 5. dxe5 dxe5 6. Qxd8+ Kxd8 7. O-O c6 8.
e4 f6 9. Be3 Be6 10. Rd1+ Kc7 11. Ne1 Nh6 12. f3 Nf7 13. Nd3 Rd8 14. Nc3 Na6 15.
Bf1 Bh6 16. Bxh6 Nxh6 17. Na4 Bg8 18. b3 Nf7 19. Nac5 Nxc5 20. Nxc5 Nd6 21. Rd2 1/2-1/2

[Event "1st Hainan Open 2016"]
[Site "Danzhou CHN"]
[Date "2016.12.08"]
[Round "2.4"]
[White "Jumabayev, Rinat"]
[Black "Fang, Yan"]
[Result "1/2-1/2"]
[WhiteTitle "GM"]
[WhiteElo "2611"]
[BlackElo "2429"]
[WhiteFideId "13702661"]
[BlackFideId "8604746"]
[EventDate "2016.12.07"]

1. d4 Nf6 2. c4 d6 3. Nc3 e5 4. Nf3 Nbd7 5. g3 Be7 6. Bg2 O-O 7. O-O c6 8. Qc2
Qc7 9. Rd1 Re8 10. h3 Rb8 11. c5 exd4 12. cxd6 Bxd6 13. Nxd4 Nf8 14. e4 Ng6 15.
f4 Bc5 16. Be3 h5 17. Qf2 h4 18. gxh4 Bxh3 19. Bxh3 Nxe4 20. Nxe4 Rxe4 21. Bf5
Nxf4 22. Kh1 Qe5 23. Bxe4 Qxe4+ 24. Kh2 Nd5 25. Bg5 f6 26. Qf5 Qxf5 27. Nxf5
fxg5 28. hxg5 g6 29. Rac1 gxf5 30. Rxc5 Kf7 31. Rd3 Re8 32. Rc2 Kg6 33. Rh3 Ne3
34. Rc1 Kxg5 35. Kg1 Kf4 36. Kf2 Ng4+ 37. Kf1 Re7 38. Re1 Ne3+ 39. Kf2 Ng4+ 40.
Kf1 Ne3+ 41. Kf2 1/2-1/2

[Event "1st Hainan Open 2016"]
[Site "Danzhou CHN"]
[Date "2016.12.08"]
[Round "2.5"]
[White "Li, Bo"]
[Black "Wen, Yang"]
[Result "0-1"]
[WhiteTitle "IM"]
[BlackTitle "GM"]
[WhiteElo "2364"]
[BlackElo "2607"]
[WhiteFideId "8602786"]
[BlackFideId "8602956"]
[EventDate "2016.12.07"]

1. Nf3 d6 2. g3 e5 3. d3 g6 4. Bg2 Bg7 5. c4 Nf6 6. Nc3 O-O 7. O-O Re8 8. Ng5 h6
9. Nge4 Nxe4 10. Nxe4 Nc6 11. Rb1 a5 12. a3 f5 13. Nc3 Be6 14. Bd2 Bf7 15. b4
axb4 16. axb4 Rb8 17. b5 Nd4 18. Nd5 g5 19. Ba5 Ne6 20. e4 f4 21. Bh3 Ra8 22.
Bxe6 Bxe6 23. Bxc7 Qd7 24. Bb6 Rec8 25. f3 fxg3 26. hxg3 Bxd5 27. exd5 Qh3 28.
Rb2 Qxg3+ 29. Rg2 Qh3 30. Rh2 Qf5 31. Qe2 Ra3 32. Rd1 Rf8 33. Rf2 Qd7 34. Be3
Rf7 35. Bc1 Ra1 36. Be3 Ra8 37. Bc1 Qh3 38. Rdf1 g4 39. fxg4 Rxf2 40. Qxf2 e4
41. Bb2 Rf8 42. Qg2 Rxf1+ 43. Kxf1 Qxd3+ 44. Qe2 Bxb2 0-1